| 000 | 00631nam a2200121Ia 4500 | ||
|---|---|---|---|
| 008 | 220616s9999||||xx |||||||||||||| ||und|| | ||
| 245 | 0 | _aeAccess to Justice | |
| 546 | _aEnglish[eng] | ||
| 650 | _aMedia and Communications||Sociology||Political Science||Privacy||Identity||Equality||Online environment||Women||Cyberfeminism||Policy||Ymobile Corporation | ||
| 700 | _aBailey, Jane||Steeves, Valerie | ||
| 856 | _uhttps://library.oapen.org/bitstream/20.500.12657/31431/1/628141.pdf||https://library.oapen.org/bitstream/20.500.12657/31431/1/628141.pdf||https://library.oapen.org/bitstream/20.500.12657/31431/1/628141.pdf | ||
| 942 | _cEB | ||
| 999 |
_c19856 _d19856 |
||